| 000 | 00616nam a22001817a 4500 | ||
|---|---|---|---|
| 003 | BD-DhUL | ||
| 005 | 20180513080835.0 | ||
| 008 | 180513s1956 ii ||||| |||| 00| 0 ben d | ||
| 040 |
_aBD-DhUL _cBD-DhUL |
||
| 082 |
_a891.443 _bMAN |
||
| 100 | 1 | _aবসু, মনোজ | |
| 245 | 0 | 0 |
_aনিশি কুটুম্ব : _bপর্ব ১ / _cমনোজ বসু |
| 260 |
_aকলিকাতা : _bগ্রন্থ প্রকাশন, _c১৯৫৬। |
||
| 300 |
_a খ. ; _c২২ সেমি. |
||
| 650 | 4 | _aবাংলা উপন্যাস | |
| 650 | 4 | _aBengali fiction | |
| 942 |
_2ddc _cBK |
||
| 999 |
_c241223 _d241223 |
||